000 00280nam a22001337a 4500
008 170529b xxu||||| |||| 00| 0 eng d
020 _a0822937034
041 _aeng
080 _a94
100 _a16
101 _aSHH
245 _aARGENTINE WORKERS
_cRANIS,P
942 _2udc
_cBK
999 _c14953
_d14953